| 000 | 01036nam a2200253 i 4500 | ||
|---|---|---|---|
| 001 | 114610 | ||
| 003 | ES-MaACL | ||
| 005 | 20230906190212.0 | ||
| 007 | t| | ||
| 008 | 070314q19301936sp ||||1| spa d | ||
| 100 | 1 |
_aRávago, Francisco de. _995569 |
|
| 245 | 1 | 0 |
_aCorrespondencia reservada e inédita del P. Francisco de Rávago, confesor de Fernando VI / _cpublicada con una introducción por Ciriaco Pérez Bustamante... ; estudio preliminar de Carlos Pereyra. |
| 260 |
_aMadrid : _bM. Aguilar, _c[193-?] |
||
| 300 |
_a428 p. : _bil. ; _c21 cm. |
||
| 490 | 1 | _aLos archivos secretos de la historia | |
| 600 | 1 | 4 |
_aRávago, Francisco de- _vCorrespondencia. _995570 |
| 651 | 4 |
_aEspaña- _xHistoria- _y1746-1759, Fernando VI- _vFuentes. _98239 |
|
| 700 | 1 |
_aPérez-Bustamante, Ciriaco, _d1896-1975 _990682 |
|
| 700 | 1 |
_aPereyra, Carlos, _d1871-1942 _990541 |
|
| 830 | 0 |
_aLos archivos secretos de la historia _9176581 |
|
| 852 |
_aES-MaACL _jA-3994 _bR.15991 |
||
| 852 |
_aES-MaACL _jA-5207 _bR.18247 |
||
| 999 |
_c114610 _d114610 |
||